[Event "3MCR_3DW_2L_2S"]
[Site "?"]
[Date "2009.??.??"]
[Round "?"]
[White "Koehler, Josef"]
[Black "Chlubna, Josef"]
[Result "1-0"]
[WhiteElo "2070"]
[BlackElo "1601"]
[PlyCount "55"]
[EventDate "2009.??.??"]
[EventType "corr"]
[EventRounds "2"]

1. Nf3 Nf6 2. g3 g6 3. Bg2 Bg7 4. O-O O-O 5. c4 c5 6. d4 cxd4 7. Nxd4 d6 8. Nc3
a6 9. b3 Qa5 10. Bb2 Ng4 11. Nd5 Re8 12. Bc3 Qc5 13. b4 Qa7 14. b5 b6 15. a4
Nd7 16. Nc6 Qb7 17. Ncxe7+ Kf8 18. Bxg7+ Kxg7 19. Qd4+ Nde5 20. f4 Rb8 21. bxa6
Qxa6 22. Nc7 Qxc4 23. Nxe8+ Kf8 24. Qxd6 Qe6 25. Nxg6+ Kxe8 26. Qf8+ Kd7 27.
Rad1+ Kc7 28. Qd8# 1-0

[Event "3MCR_3DW_2L_2S"]
[Site "?"]
[Date "2009.??.??"]
[Round "?"]
[White "Chlubna, Josef"]
[Black "Koehler, Josef"]
[Result "0-1"]
[WhiteElo "1601"]
[BlackElo "2070"]
[PlyCount "68"]
[EventDate "2009.??.??"]
[EventType "corr"]
[EventRounds "2"]

1. e4 c6 2. d4 d5 3. Nc3 dxe4 4. Nxe4 Bf5 5. Nc3 e6 6. a3 Nf6 7. h3 Bd6 8. Nf3
O-O 9. Bd3 Re8 10. O-O Nbd7 11. Bg5 Qb6 12. b4 Bxd3 13. Qxd3 a5 14. bxa5 Rxa5
15. Ne2 Qc7 16. g3 Rea8 17. Bc1 b5 18. Bd2 Rxa3 19. Rxa3 Rxa3 20. c3 Nd5 21.
Kg2 N7b6 22. Ng5 Nf6 23. Bf4 Bxf4 24. Nxf4 h6 25. Nf3 Nfd5 26. Ne2 Na4 27. Qc2
Naxc3 28. Qb2 Ra2 29. Qc1 Nxe2 30. Qe1 Nxg3 31. Rg1 Qf4 32. h4 Ne4 33. Qd1 Qg3+
34. Kf1 Qxf2# 0-1

[Event "3MCR_3DW_2L_1S"]
[Site "?"]
[Date "2009.??.??"]
[Round "?"]
[White "Majstr, Jiri"]
[Black "Prikryl, Vit"]
[Result "1-0"]
[WhiteElo "2072"]
[BlackElo "1600"]
[PlyCount "35"]
[EventDate "2009.??.??"]
[EventType "corr"]
[EventRounds "2"]

1. e4 e5 2. Nf3 Nf6 3. d4 exd4 4. e5 Ne4 5. Qxd4 Nc5 6. Bc4 Qe7 7. Nc3 Nc6 8.
Qe3 Nb4 9. O-O Nxc2 10. Qe2 Nxa1 11. Nd5 Qd8 12. Bg5 f6 13. exf6+ Ne6 14. Ne5
Nxg5 15. Qh5+ g6 16. Qxg5 Be7 17. fxe7 Qxe7 18. Qxe7# 1-0

[Event "3MCR_3DW_2L_1S"]
[Site "?"]
[Date "2009.??.??"]
[Round "?"]
[White "Prikryl, Vit"]
[Black "Kratochvil, Jan"]
[Result "0-1"]
[WhiteElo "1600"]
[BlackElo "1922"]
[PlyCount "52"]
[EventDate "2009.??.??"]
[EventType "corr"]
[EventRounds "2"]

1. d4 d5 2. c4 e6 3. cxd5 exd5 4. Nc3 c5 5. e3 Nf6 6. Nf3 a6 7. h3 Nc6 8. dxc5
Bxc5 9. a3 O-O 10. Bd3 d4 11. Ne4 Nxe4 12. Bxe4 Qe7 13. Bxc6 dxe3 14. fxe3 bxc6
15. Qe2 a5 16. Qf2 Ba6 17. Bd2 Rfb8 18. Bc3 Bxe3 19. Qg3 Bf4+ 20. Ne5 Bxg3+ 21.
Kd1 Bxe5 22. Re1 Qd8+ 23. Bd2 Rxb2 24. Re2 Bxe2+ 25. Kxe2 Qxd2+ 26. Kf3 Qe2#
0-1

[Event "3MCR_3DW_2L_2S"]
[Site "?"]
[Date "2009.??.??"]
[Round "?"]
[White "Chlubna, Josef"]
[Black "Majstrova, Alzbeta"]
[Result "0-1"]
[WhiteElo "1601"]
[BlackElo "1800"]
[PlyCount "50"]
[EventDate "2009.??.??"]
[EventType "corr"]
[EventRounds "2"]

1. e4 e5 2. Nf3 Nc6 3. Bb5 Nf6 4. d3 Bc5 5. h3 O-O 6. Bxc6 bxc6 7. Nxe5 d5 8.
Be3 Bxe3 9. fxe3 Qd6 10. Nf3 dxe4 11. Ng5 Qg3+ 12. Kf1 Qxg5 13. Qe2 exd3 14.
cxd3 Re8 15. Kf2 Nd5 16. e4 Nf4 17. Qf3 Rb8 18. b3 Re6 19. g3 Nxh3+ 20. Ke2 Rf6
21. Qe3 Bg4+ 22. Kd2 Rf2+ 23. Kc3 Qa5+ 24. Kd4 Rd8+ 25. Kc4 Be6# 0-1

[Event "3MCR_3DW_2L_2S"]
[Site "?"]
[Date "2009.??.??"]
[Round "?"]
[White "Majstrova, Alzbeta"]
[Black "Koehler, Josef"]
[Result "0-1"]
[WhiteElo "1800"]
[BlackElo "2070"]
[PlyCount "80"]
[EventDate "2009.??.??"]
[EventType "corr"]
[EventRounds "2"]

1. d4 f5 2. Nf3 Nf6 3. g3 e6 4. Bg2 Be7 5. c4 O-O 6. O-O d6 7. Nc3 Qe8 8. Bf4
Qh5 9. Qb3 Nc6 10. Nb5 Bd8 11. d5 Na5 12. Qc2 e5 13. Bd2 a6 14. Na3 b6 15. Bxa5
bxa5 16. c5 e4 17. Nd4 Nxd5 18. cxd6 cxd6 19. Qc6 Nb6 20. Qxd6 Bb7 21. Rac1 Rf6
22. Qc5 Qf7 23. Qxa5 f4 24. Rfd1 e3 25. f3 fxg3 26. hxg3 Nd5 27. Qe1 Bc7 28.
Rc4 Re8 29. Ndc2 Rg6 30. Rg4 h6 31. Rdd4 Rxg4 32. Rxg4 Nf6 33. Rd4 Nh5 34. Qc3
Nxg3 35. Qd3 Qf6 36. Nc4 Bc6 37. N4a3 Be5 38. Qc4+ Kh8 39. Rd1 Bf4 40. Rd4 Nh5
0-1

[Event "3MCR_3DW_2L_2S"]
[Site "?"]
[Date "2009.??.??"]
[Round "?"]
[White "Koehler, Josef"]
[Black "Klimecky, Tomas"]
[Result "1-0"]
[WhiteElo "2070"]
[BlackElo "1765"]
[PlyCount "57"]
[EventDate "2009.??.??"]
[EventType "corr"]
[EventRounds "2"]

1. Nf3 Nf6 2. g3 g6 3. Bg2 Bg7 4. O-O O-O 5. c4 d6 6. d4 Nc6 7. Nc3 a6 8. h3
Bd7 9. e4 e5 10. dxe5 dxe5 11. Re1 h6 12. Nd5 Nh7 13. Be3 Ng5 14. Nxg5 hxg5 15.
Qd2 g4 16. hxg4 Bxg4 17. f3 Be6 18. f4 Bg4 19. Rf1 f5 20. Rae1 Ne7 21. exf5
Nxf5 22. fxe5 Bxe5 23. Bf2 Bg7 24. Re4 c6 25. Rxg4 cxd5 26. Bxd5+ Kh7 27. Kg2
Be5 28. Re4 Qc7 29. g4 1-0

[Event "3MCR_3DW_2L_3S"]
[Site "?"]
[Date "2009.??.??"]
[Round "?"]
[White "Wiener, Richard"]
[Black "Kelbl, Jiri"]
[Result "1/2-1/2"]
[WhiteElo "2006"]
[BlackElo "1783"]
[PlyCount "73"]
[EventDate "2009.??.??"]
[EventType "corr"]
[EventRounds "2"]

1. e4 e5 2. Nf3 Nc6 3. Bb5 a6 4. Bxc6 dxc6 5. Nc3 f6 6. d4 exd4 7. Qxd4 Qxd4 8.
Nxd4 Bd7 9. Bf4 O-O-O 10. O-O-O Ne7 11. a3 Ng6 12. Bg3 Bc5 13. Rhe1 Rhe8 14. f3
Ne5 15. Re2 Nc4 16. Bf2 b5 17. Nb3 Bd6 18. Nc5 a5 19. h4 Kb8 20. Nxd7+ Rxd7 21.
Bg3 Kb7 22. Rd3 Red8 23. Bxd6 Rxd6 24. Rxd6 cxd6 25. Nd1 Kb6 26. Ne3 Nxe3 27.
Rxe3 Re8 28. Kd2 h5 29. Rd3 Kc7 30. a4 b4 31. c3 Rb8 32. cxb4 Rxb4 33. b3 Kd7
34. Kc3 c5 35. Rd1 Ke6 36. g3 g6 37. Re1 1/2-1/2

[Event "3MCR_3DW_2L_3S"]
[Site "?"]
[Date "2009.??.??"]
[Round "?"]
[White "Vanek, Vladimir"]
[Black "Majstr, Jiri"]
[Result "1-0"]
[WhiteElo "1800"]
[BlackElo "1846"]
[PlyCount "37"]
[EventDate "2009.??.??"]
[EventType "corr"]
[EventRounds "2"]

1. e4 c5 2. Nf3 Nc6 3. Bb5 Nb8 4. O-O a6 5. Be2 Nc6 6. d4 cxd4 7. Nxd4 Nxd4 8.
Qxd4 e6 9. Be3 Nf6 10. Nc3 Be7 11. e5 Ng8 12. Qg4 Kf8 13. Qd4 d5 14. Na4 Nh6
15. Bd3 b5 16. Nb6 Rb8 17. a4 b4 18. a5 Nf5 19. Bxf5 1-0

[Event "3MCR_3DW_2L_3S"]
[Site "?"]
[Date "2009.??.??"]
[Round "?"]
[White "Wiener, Richard"]
[Black "Majstr, Jiri"]
[Result "1-0"]
[WhiteElo "2006"]
[BlackElo "1846"]
[PlyCount "53"]
[EventDate "2009.??.??"]
[EventType "corr"]
[EventRounds "2"]

1. e4 e5 2. Nf3 Nf6 3. Nc3 d6 4. d4 exd4 5. Nxd4 Be7 6. Be2 O-O 7. O-O Nbd7 8.
Re1 a6 9. Nf5 Nc5 10. Nxe7+ Qxe7 11. Bg5 h6 12. Nd5 Qe5 13. Bxf6 gxf6 14. c3
Qg5 15. f4 Qg7 16. Bf1 Be6 17. Nxc7 Rac8 18. Qxd6 Na4 19. b3 Rfd8 20. Nxe6 Rxd6
21. Nxg7 Kxg7 22. bxa4 Rxc3 23. Rab1 Rd7 24. Rb3 Rc8 25. Reb1 Rd4 26. Rb4 Rd2
27. R1b2 1-0

[Event "3MCR_3DW_2L_2S"]
[Site "?"]
[Date "2009.??.??"]
[Round "?"]
[White "Majstrova, Alzbeta"]
[Black "Chlubna, Josef"]
[Result "1-0"]
[WhiteElo "1800"]
[BlackElo "1601"]
[PlyCount "53"]
[EventDate "2009.??.??"]
[EventType "corr"]
[EventRounds "2"]

1. d4 d5 2. Nf3 c6 3. g3 Nf6 4. Bg2 e6 5. O-O Bd6 6. c4 b6 7. Nc3 Bb7 8. e4
dxe4 9. Ng5 h6 10. Ngxe4 Qe7 11. Nxf6+ Qxf6 12. Ne4 Qe7 13. Qg4 Kf8 14. Nxd6
Qxd6 15. Bf4 Qxd4 16. Rad1 Qf6 17. b4 h5 18. Qe2 Qe7 19. Bd6 Nd7 20. Bxe7+ Kxe7
21. Qd2 Rad8 22. Qd6+ Ke8 23. b5 f6 24. Qxe6+ Kf8 25. Rfe1 a6 26. Rxd7 Rxd7 27.
Qe8# 1-0

[Event "3MCR_3DW_2L_1S"]
[Site "?"]
[Date "2009.??.??"]
[Round "?"]
[White "Kratochvil, Jan"]
[Black "Prikryl, Vit"]
[Result "1-0"]
[WhiteElo "1922"]
[BlackElo "1600"]
[PlyCount "61"]
[EventDate "2009.??.??"]
[EventType "corr"]
[EventRounds "2"]

1. c4 e6 2. d4 Nf6 3. g3 Be7 4. Bg2 d5 5. Nf3 O-O 6. O-O h6 7. Nc3 dxc4 8. Qa4
Nbd7 9. Qxc4 Nb6 10. Qb3 c5 11. Rd1 Qe8 12. dxc5 Bxc5 13. Bf4 Nfd5 14. Rac1
Nxf4 15. gxf4 Nd7 16. Ne5 Nxe5 17. fxe5 Qe7 18. Ne4 Bb6 19. Qg3 Rb8 20. Rc4 Kh8
21. Rd3 Rd8 22. Nd6 Bd7 23. Rg4 Rg8 24. Qf4 Be8 25. Rh3 Qf8 26. Rgh4 Kh7 27.
Be4+ Kh8 28. Kh1 f5 29. Rxh6+ gxh6 30. Rxh6+ Kg7 31. Qg5+ 1-0

[Event "3MCR_3DW_2L_1S"]
[Site "?"]
[Date "2009.??.??"]
[Round "?"]
[White "Kratochvil, Jan"]
[Black "Benes, Jiri"]
[Result "1-0"]
[WhiteElo "1922"]
[BlackElo "2026"]
[PlyCount "101"]
[EventDate "2009.??.??"]
[EventType "corr"]
[EventRounds "2"]

1. c4 Nf6 2. d4 e6 3. Nf3 b6 4. e3 d5 5. Bd3 Bd6 6. O-O O-O 7. b3 Bb7 8. Nc3
dxc4 9. bxc4 c5 10. Bb2 a6 11. Re1 Nbd7 12. d5 Ne5 13. e4 Qc7 14. g3 Nxf3+ 15.
Qxf3 Be5 16. Rab1 Rfe8 17. Qd1 Rad8 18. a4 Nd7 19. Kg2 Bd4 20. Ne2 Bxb2 21.
Rxb2 Ne5 22. Nc3 Rd6 23. f4 Nxd3 24. Qxd3 exd5 25. cxd5 Kf8 26. e5 Rg6 27. Kg1
Rh6 28. Qc4 Bc8 29. Ne4 a5 30. Ng5 Qe7 31. Rf1 Qa7 32. d6 Be6 33. Qe4 Bc8 34.
Nxh7+ Kg8 35. Ng5 Rf8 36. Rfb1 f6 37. exf6 gxf6 38. Qc4+ Kh8 39. Re2 Ba6 40.
Rb5 Qd7 41. Re6 Bxb5 42. axb5 a4 43. Qxa4 Rh7 44. Qa1 Qa7 45. Qb2 Rh6 46. f5
Kg8 47. Ne4 Qa4 48. Qd2 Qa1+ 49. Kg2 Rh5 50. g4 Rh4 51. Nxf6+ 1-0

[Event "3MCR_3DW_2L_2S"]
[Site "?"]
[Date "2009.??.??"]
[Round "?"]
[White "Klimecky, Tomas"]
[Black "Koehler, Josef"]
[Result "0-1"]
[WhiteElo "1765"]
[BlackElo "2070"]
[PlyCount "50"]
[EventDate "2009.??.??"]
[EventType "corr"]
[EventRounds "2"]

1. e4 c6 2. d4 d5 3. Nc3 dxe4 4. Nxe4 Bf5 5. Ng3 Bg6 6. h4 h6 7. Nf3 Nf6 8. Ne5
Bh7 9. Bd3 Bxd3 10. Qxd3 e6 11. Bd2 Nbd7 12. f4 Bd6 13. O-O-O Qc7 14. Rhe1 O-O
15. Nxd7 Qxd7 16. Ne4 Nxe4 17. Rxe4 Rad8 18. Bc3 f5 19. Re2 Bxf4+ 20. Kb1 Bc7
21. Re3 Rf6 22. Qf1 Rg6 23. Rdd3 Rg4 24. Qe2 Bf4 25. Rf3 Rxh4 0-1

[Event "3MCR_3DW_2L_1S"]
[Site "?"]
[Date "2009.??.??"]
[Round "?"]
[White "Benes, Jiri"]
[Black "Prikryl, Vit"]
[Result "1-0"]
[WhiteElo "2026"]
[BlackElo "1600"]
[PlyCount "65"]
[EventDate "2009.??.??"]
[EventType "corr"]
[EventRounds "2"]

1. e4 e5 2. Nf3 Nf6 3. d4 Nxe4 4. Bd3 d5 5. Nxe5 Be6 6. Nd2 Nxd2 7. Bxd2 Bd6 8.
O-O O-O 9. Qh5 f5 10. Nf3 g6 11. Qh6 Re8 12. Rae1 Bf8 13. Qh3 Nc6 14. c3 a6 15.
Bf4 Bd7 16. Qg3 Rc8 17. Rxe8 Qxe8 18. Re1 Qd8 19. Ng5 Be7 20. Bc2 Kg7 21. Qh4
h6 22. Ne6+ Bxe6 23. Qxh6+ Kf7 24. Qh7+ Ke8 25. Qxg6+ Bf7 26. Qg7 Nxd4 27. cxd4
Kd7 28. Qxf7 Kc6 29. Rxe7 Qf8 30. Rxc7+ Kb6 31. Rxb7+ Ka5 32. Bd2+ Qb4 33.
Bxb4# 1-0

[Event "3MCR_3DW_2L_1S"]
[Site "?"]
[Date "2009.??.??"]
[Round "?"]
[White "Benes, Jiri"]
[Black "Kratochvil, Jan"]
[Result "1/2-1/2"]
[WhiteElo "2026"]
[BlackElo "1922"]
[PlyCount "123"]
[EventDate "2009.??.??"]
[EventType "corr"]
[EventRounds "2"]

1. e4 e6 2. d4 d5 3. Nc3 Bb4 4. e5 Qd7 5. Qg4 f5 6. Qg3 b6 7. Nf3 Ba6 8. Bxa6
Nxa6 9. O-O Bxc3 10. bxc3 h6 11. Nd2 Kf7 12. a4 Ne7 13. Ba3 Rhd8 14. Rfb1 Nb8
15. c4 Nbc6 16. c3 Kg8 17. cxd5 Nxd5 18. Nb3 Qe8 19. Qf3 a5 20. Rc1 Nce7 21. c4
Nb4 22. Bb2 Qg6 23. Bc3 Qg4 24. Qxg4 fxg4 25. Rf1 Rf8 26. Rad1 Ng6 27. Rd2 Rad8
28. Ra1 Nf4 29. Kf1 Kf7 30. Bxb4 axb4 31. a5 bxa5 32. Rxa5 Ra8 33. Rb5 Rfb8 34.
Rxb8 Rxb8 35. Ra2 Kg6 36. g3 Nh3 37. Nc5 Kf5 38. Ke2 Ng5 39. Ke3 Rd8 40. f4
gxf3 41. Rf2 Kg4 42. h4 Nh7 43. Rxf3 Rf8 44. Rxf8 Nxf8 45. d5 exd5 46. cxd5 Ng6
47. d6 cxd6 48. exd6 Nf8 49. Kf2 Kf5 50. Kf3 Ng6 51. Ke3 Nf8 52. Kf2 Ne6 53. d7
Nd8 54. Ke3 Kg4 55. Kd4 Kxg3 56. Kd5 Kxh4 57. Ne6 b3 58. Nxd8 b2 59. Nf7 b1=Q
60. d8=Q+ Kh5 61. Qe8 Qd3+ 62. Ke6 1/2-1/2

[Event "3MCR_3DW_2L_3S"]
[Site "?"]
[Date "2009.??.??"]
[Round "?"]
[White "Vanek, Vladimir"]
[Black "Wiener, Richard"]
[Result "1-0"]
[WhiteElo "1800"]
[BlackElo "2006"]
[PlyCount "81"]
[EventDate "2009.??.??"]
[EventType "corr"]
[EventRounds "2"]

1. Nf3 Nf6 2. g3 g6 3. c4 b6 4. Nc3 Bg7 5. Bg2 Bb7 6. d4 O-O 7. O-O d6 8. Qd3
c5 9. d5 Nbd7 10. h3 a6 11. Rd1 Rb8 12. e4 Ne8 13. a4 Ne5 14. Nxe5 Bxe5 15. Bh6
Bg7 16. Bxg7 Kxg7 17. Re1 e5 18. dxe6 fxe6 19. e5 Bxg2 20. Kxg2 dxe5 21. Qe2
Qf6 22. a5 Nd6 23. Na4 e4 24. axb6 Nxc4 25. Nxc5 e3 26. f4 Nxb6 27. Qxe3 Qxb2+
28. Qe2 Qxe2+ 29. Rxe2 Rfe8 30. Rxa6 Nd5 31. Nxe6+ Kg8 32. Ra7 Re7 33. Rxe7
Nxe7 34. Ng5 Rb7 35. Ra2 Nd5 36. Ra6 Kf8 37. Kf3 h6 38. Ne6+ Ke7 39. Nc5 Rc7
40. Ne4 Rb7 41. Rxg6 1-0

[Event "3MCR_3DW_2L_3S"]
[Site "?"]
[Date "2009.??.??"]
[Round "?"]
[White "Majstr, Jiri"]
[Black "Wiener, Richard"]
[Result "1/2-1/2"]
[WhiteElo "1846"]
[BlackElo "2006"]
[PlyCount "77"]
[EventDate "2009.??.??"]
[EventType "corr"]
[EventRounds "2"]

1. e4 e5 2. Nf3 Nc6 3. Bb5 a6 4. Ba4 Nf6 5. d3 Be7 6. c3 b5 7. Bc2 d5 8. exd5
Qxd5 9. O-O O-O 10. Bg5 Bf5 11. Re1 Rad8 12. a4 Bxd3 13. Bxd3 Qxd3 14. Qxd3
Rxd3 15. axb5 axb5 16. Ra6 Rd6 17. Na3 Rb8 18. c4 bxc4 19. Nxc4 Re6 20. Nfxe5
Bb4 21. Rc1 Nxe5 22. Rxe6 Nf3+ 23. gxf3 fxe6 24. Ra1 Bd6 25. Ra6 Kf7 26. Be3
Nd5 27. Nxd6+ cxd6 28. Rxd6 Rxb2 29. Rd7+ Kf8 30. Bc5+ Ke8 31. Ra7 Rb1+ 32. Kg2
Nf4+ 33. Kg3 Nd3 34. Be3 Rg1+ 35. Kh3 e5 36. Ra3 Nf4+ 37. Bxf4 exf4 38. Ra4 g5
39. Ra7 1/2-1/2

[Event "3MCR_3DW_2L_1S"]
[Site "?"]
[Date "2009.??.??"]
[Round "?"]
[White "Prikryl, Vit"]
[Black "Benes, Jiri"]
[Result "0-1"]
[WhiteElo "1600"]
[BlackElo "2026"]
[PlyCount "70"]
[EventDate "2009.??.??"]
[EventType "corr"]
[EventRounds "2"]

1. d4 Nf6 2. c4 e6 3. Nc3 d5 4. Nf3 c6 5. e3 Nbd7 6. Bd3 dxc4 7. Bxc4 b5 8. Bd3
a6 9. h3 Bb7 10. e4 c5 11. O-O cxd4 12. Nxd4 Rc8 13. Bg5 b4 14. Na4 Qa5 15.
Bxf6 Nxf6 16. f3 Bd6 17. Ne2 O-O 18. b3 Bb8 19. Qd2 Qc7 20. Qxb4 Qh2+ 21. Kf2
Ba7+ 22. Ke1 Rb8 23. Qa5 Be3 24. Nc5 Qxg2 25. Nxb7 Rxb7 26. Qxa6 Nh5 27. Qd6
Rbb8 28. Qe5 Rfd8 29. Rd1 Qxh3 30. Ng1 Qh1 31. Ke2 Bd4 32. Qc7 Rbc8 33. Qb7
Qh2+ 34. Ke1 Bc3+ 35. Rd2 Qxd2# 0-1

[Event "3MCR_3DW_2L_3S"]
[Site "?"]
[Date "2009.??.??"]
[Round "?"]
[White "Kelbl, Jiri"]
[Black "Wiener, Richard"]
[Result "1/2-1/2"]
[WhiteElo "1783"]
[BlackElo "2006"]
[PlyCount "90"]
[EventDate "2009.??.??"]
[EventType "corr"]
[EventRounds "2"]

1. e4 e5 2. Nf3 Nc6 3. Bc4 Bc5 4. c3 Nf6 5. d3 d6 6. O-O h6 7. Nbd2 a6 8. b4
Ba7 9. a4 O-O 10. h3 Be6 11. Bxe6 fxe6 12. Nc4 b5 13. axb5 axb5 14. Na5 Ne7 15.
Be3 Qe8 16. Qe2 Ng6 17. g3 Bxe3 18. Qxe3 Qd7 19. Kg2 Ne7 20. Rfd1 Qe8 21. Rd2
Qh5 22. Rc2 Rf7 23. Nb3 Raf8 24. Nbd2 Nh7 25. Ra7 Nc8 26. Ra8 Rf6 27. d4 exd4
28. cxd4 R6f7 29. Rca2 Nb6 30. Rxf8+ Rxf8 31. Ra5 Nf6 32. Qd3 c6 33. Ra6 Nfd7
34. Qc3 Rc8 35. Qb3 Qe8 36. Ra7 d5 37. e5 Ra8 38. Qa2 Rxa7 39. Qxa7 Qb8 40. Qa2
Qf8 41. Qa5 Qb8 42. Nb3 Qf8 43. Nh4 Kh7 44. Qa2 Kg8 45. Qa5 Kh7 1/2-1/2

[Event "3MCR_3DW_2L_2S"]
[Site "?"]
[Date "2009.??.??"]
[Round "?"]
[White "Klimecky, Tomas"]
[Black "Chlubna, Josef"]
[Result "1-0"]
[WhiteElo "1765"]
[BlackElo "1601"]
[PlyCount "83"]
[EventDate "2009.??.??"]
[EventType "corr"]
[EventRounds "2"]

1. e4 e5 2. Nf3 Nc6 3. d4 exd4 4. Nxd4 Nxd4 5. Qxd4 d6 6. Nc3 c5 7. Qa4+ Bd7 8.
Qb3 Rb8 9. Bc4 Qf6 10. Be3 Bc6 11. O-O-O Nh6 12. Nd5 Bxd5 13. Bxd5 Ng4 14. Qa4+
Kd8 15. Bxc5 dxc5 16. Be6+ Kc7 17. Qd7+ Kb6 18. Bxg4 Rd8 19. Qxd8+ Qxd8 20.
Rxd8 g6 21. Rhd1 a6 22. f4 Bg7 23. Rxh8 Bxh8 24. Rd6+ Kc7 25. Rd7+ Kc6 26. Rxf7
Bd4 27. c3 Be3+ 28. Kc2 Kb6 29. Kd3 Bc1 30. b3 h5 31. Bc8 Bxf4 32. Rxf4 g5 33.
Rf7 g4 34. Rxb7+ Kc6 35. e5 Kd5 36. e6 Ke5 37. e7 Kf4 38. e8=Q Kg5 39. Qe3+ Kg6
40. Qe6+ Kg5 41. Rg7+ Kf4 42. Qf5# 1-0

[Event "3MCR_3DW_2L_2S"]
[Site "?"]
[Date "2009.??.??"]
[Round "?"]
[White "Klimecky, Tomas"]
[Black "Majstrova, Alzbeta"]
[Result "1-0"]
[WhiteElo "1765"]
[BlackElo "1800"]
[PlyCount "51"]
[EventDate "2009.??.??"]
[EventType "corr"]
[EventRounds "2"]

1. e4 e5 2. Nf3 Nc6 3. d4 exd4 4. Nxd4 Nf6 5. Nxc6 bxc6 6. e5 Qe7 7. Qe2 Nd5 8.
c4 Nb6 9. Nc3 Ba6 10. b3 O-O-O 11. Qe3 Re8 12. f4 g5 13. g3 Bb7 14. Bb2 gxf4
15. gxf4 Bh6 16. O-O-O f6 17. Kb1 fxe5 18. Qxe5 c5 19. Qxe7 Rxe7 20. Nd5 Nxd5
21. cxd5 Rf8 22. Ba3 d6 23. Bh3+ Kb8 24. f5 Bc8 25. Bc1 Bxc1 26. Kxc1 1-0

[Event "3MCR_3DW_2L_2S"]
[Site "?"]
[Date "2009.??.??"]
[Round "?"]
[White "Majstrova, Alzbeta"]
[Black "Klimecky, Tomas"]
[Result "1-0"]
[WhiteElo "1800"]
[BlackElo "1765"]
[PlyCount "35"]
[EventDate "2009.??.??"]
[EventType "corr"]
[EventRounds "2"]

1. d4 c6 2. Nf3 g6 3. e4 Bg7 4. Nc3 d6 5. Bc4 Nf6 6. O-O b5 7. Bd3 O-O 8. h3 b4
9. Na4 Na6 10. Re1 Qa5 11. b3 c5 12. Bb2 cxd4 13. Bxd4 Nc7 14. Qd2 Qh5 15. e5
dxe5 16. Rxe5 Bf5 17. Bxf5 Qxf5 18. Rxf5 1-0

[Event "3MCR_3DW_2L_1S"]
[Site "?"]
[Date "2009.??.??"]
[Round "?"]
[White "Prikryl, Vit"]
[Black "Majstr, Jiri"]
[Result "0-1"]
[WhiteElo "1600"]
[BlackElo "2072"]
[PlyCount "78"]
[EventDate "2009.??.??"]
[EventType "corr"]
[EventRounds "2"]

1. d4 Nf6 2. c4 g6 3. Nc3 Bg7 4. Nf3 d5 5. h3 O-O 6. e3 Nc6 7. cxd5 Nxd5 8. Bc4
Be6 9. Nxd5 Bxd5 10. Qe2 e5 11. Bxd5 Qxd5 12. dxe5 Nxe5 13. Nxe5 Qxe5 14. O-O
Rad8 15. e4 Rfe8 16. Re1 Rd7 17. Rb1 Qe6 18. b4 Bc3 19. Rd1 Rxd1+ 20. Qxd1 Qxe4
21. Be3 Bxb4 22. Qb3 a5 23. Rc1 Bd6 24. Rc4 Qe5 25. g3 b5 26. Rd4 a4 27. Qd3
Bc5 28. Rd5 Qa1+ 29. Kg2 Bxe3 30. Qxb5 Re6 31. Rd8+ Kg7 32. Qe2 Bd4 33. Qc2 Rf6
34. Rxd4 Qxd4 35. f4 Rb6 36. Kf3 Rb2 37. Qxc7 Qd3+ 38. Kg4 Qe2+ 39. Kg5 Qh5#
0-1

[Event "3MCR_3DW_2L_2S"]
[Site "?"]
[Date "2009.??.??"]
[Round "?"]
[White "Koehler, Josef"]
[Black "Majstrova, Alzbeta"]
[Result "1-0"]
[WhiteElo "2070"]
[BlackElo "1800"]
[PlyCount "105"]
[EventDate "2009.??.??"]
[EventType "corr"]
[EventRounds "2"]

1. Nf3 e6 2. g3 d5 3. Bg2 Nf6 4. c4 dxc4 5. Qa4+ Nc6 6. Ne5 Nd5 7. Nxc6 Qd7 8.
Qxc4 Qxc6 9. Qxc6+ bxc6 10. b3 Ba6 11. d3 Bb4+ 12. Nd2 Bc3 13. Rb1 f6 14. Bb2
O-O-O 15. a3 Bxb2 16. Rxb2 e5 17. Ne4 Kb8 18. Nc5 Bc8 19. b4 a6 20. Kd2 f5 21.
Rc2 Rd6 22. Rhc1 Ne7 23. h4 Rf8 24. Rc3 Rfd8 25. f3 Rg6 26. g4 fxg4 27. h5 Rh6
28. fxg4 Bxg4 29. Rc4 Bc8 30. Rh1 Nd5 31. Bf3 Rf8 32. Nb3 Rd6 33. Na5 Bb7 34.
Rg1 g6 35. hxg6 hxg6 36. Rc5 Rf4 37. Nc4 Re6 38. Ke1 Rf8 39. Rg5 Rf5 40. Rg3
Ref6 41. Kf2 Re6 42. e4 Rf8 43. Ke2 Nf4+ 44. Ke3 Rd8 45. Be2 Bc8 46. Rxe5 Rf6
47. Reg5 Re8 48. Ne5 Nxe2 49. Kxe2 Kb7 50. d4 a5 51. Rxg6 Rd6 52. Ke3 axb4 53.
axb4 1-0

[Event "3MCR_3DW_2L_1S"]
[Site "?"]
[Date "2009.??.??"]
[Round "?"]
[White "Majstr, Jiri"]
[Black "Kratochvil, Jan"]
[Result "0-1"]
[WhiteElo "2072"]
[BlackElo "1922"]
[PlyCount "104"]
[EventDate "2009.??.??"]
[EventType "corr"]
[EventRounds "2"]

1. e4 e5 2. Nf3 Nc6 3. Bc4 Bc5 4. c3 Nf6 5. d3 d6 6. Bb3 a6 7. O-O O-O 8. Nbd2
Ba7 9. h3 Be6 10. Re1 h6 11. Nf1 Re8 12. Bxe6 Rxe6 13. Be3 d5 14. Bxa7 Rxa7 15.
Ne3 Ra8 16. Qc2 Qd7 17. Rad1 Rd8 18. Nf5 Ne7 19. Qb3 Ng6 20. Rd2 c5 21. g3 b5
22. Qc2 Rde8 23. Kg2 Qb7 24. Kg1 c4 25. dxc4 Nxe4 26. Rxd5 Nf6 27. Qd1 Nxd5 28.
cxd5 Rf6 29. Ne3 e4 30. Nd2 Ne5 31. Ng2 Qd7 32. Nf4 Nd3 33. Nxd3 exd3 34. Ne4
Rg6 35. Nc5 Rxe1+ 36. Qxe1 Qf5 37. Qe3 Rd6 38. Nxd3 Qxd5 39. Nb4 Qe6 40. Qxe6
fxe6 41. b3 a5 42. Nc2 Rd2 43. Na3 b4 44. cxb4 axb4 45. Nc4 Rxa2 46. Kf1 Rc2
47. Ke1 Kh7 48. h4 Rc3 49. Nd2 Kg6 50. g4 h5 51. f3 hxg4 52. fxg4 Rg3 0-1

[Event "3MCR_3DW_2L_1S"]
[Site "?"]
[Date "2009.??.??"]
[Round "?"]
[White "Kratochvil, Jan"]
[Black "Majstr, Jiri"]
[Result "1-0"]
[WhiteElo "1922"]
[BlackElo "2072"]
[PlyCount "111"]
[EventDate "2009.??.??"]
[EventType "corr"]
[EventRounds "2"]

1. c4 e5 2. Nc3 Nf6 3. Nf3 Nc6 4. e3 Bb4 5. Qc2 O-O 6. d3 Re8 7. Bd2 d5 8. cxd5
Nxd5 9. Be2 Be6 10. O-O Be7 11. a3 h6 12. Rac1 Nf6 13. b4 a6 14. Ne4 Qd5 15.
Bc3 Rad8 16. h3 Nd7 17. Ned2 a5 18. bxa5 Bxa3 19. Rb1 Rb8 20. Nc4 Be7 21. Nfd2
Nc5 22. e4 Qd8 23. Nxe5 Nxe5 24. Bxe5 Bd6 25. Bd4 Nd7 26. f4 c5 27. Be3 Bc7 28.
Rf3 f5 29. Nb3 Bxa5 30. e5 Bb6 31. d4 cxd4 32. Nxd4 Rc8 33. Qb2 Bxd4 34. Bxd4
Nc5 35. Bb5 Re7 36. Rd1 Rec7 37. Qb1 Ne4 38. Bc3 Qh4 39. Ba5 Nc3 40. Qd3 Nxd1
41. Bxc7 Qe1+ 42. Kh2 Nf2 43. Qf1 Qxf1 44. Bxf1 Rxc7 45. Rxf2 Rc1 46. Be2 Kf7
47. Bf3 b5 48. Rb2 Rc5 49. Be2 Bc4 50. Rc2 g5 51. Kg3 Ke6 52. h4 Kd5 53. hxg5
hxg5 54. Bf3+ Kd4 55. Be2 Rc7 56. e6 1-0

[Event "3MCR_3DW_2L_3S"]
[Site "?"]
[Date "2009.??.??"]
[Round "?"]
[White "Kelbl, Jiri"]
[Black "Majstr, Jiri"]
[Result "1/2-1/2"]
[WhiteElo "1783"]
[BlackElo "1846"]
[PlyCount "106"]
[EventDate "2009.??.??"]
[EventType "corr"]
[EventRounds "2"]

1. e4 e6 2. d4 d5 3. Nd2 dxe4 4. Nxe4 Nd7 5. Nf3 Ngf6 6. Bd3 Be7 7. Qe2 c5 8.
Nxf6+ Bxf6 9. d5 O-O 10. dxe6 Nb6 11. exf7+ Rxf7 12. O-O c4 13. Bxc4 Nxc4 14.
Qxc4 Bf5 15. Qc5 g6 16. c3 b6 17. Qb4 a5 18. Qb3 a4 19. Qb4 a3 20. bxa3 Qc7 21.
Bb2 Be7 22. Qb3 Bd3 23. Rfe1 Bc4 24. Qc2 Raf8 25. Rad1 Bc5 26. Bc1 Rf5 27. Bh6
Rc8 28. a4 Bd5 29. Rd3 Bc4 30. Rd2 Bd5 31. Qd3 Bxf3 32. gxf3 Bf8 33. Bxf8 Rcxf8
34. Re3 Rc5 35. Qd4 Rg5+ 36. Kh1 Ra5 37. Qe4 Rh5 38. Qe6+ Rf7 39. Qd6 Ra5 40.
Qxc7 Rxc7 41. Rd4 Rac5 42. Rb4 Rxc3 43. Rxc3 Rxc3 44. Rxb6 Rxf3 45. Rb3 Rxf2
46. Ra3 Rf6 47. Kg2 g5 48. a5 Ra6 49. Kf3 Kf7 50. Ke4 Ke6 51. Kd4 Kd6 52. Kc4
Kc6 53. Kb4 Kb7 1/2-1/2